000
00306nam a2200121Ia 4500
008
170224s9999 xx 000 0 und d
245
_a
NewsCAP: Fewer people lack health insurance.
260
_b
American Journal of Nursing
260
_c
2016
300
_a
116:8
500
_a
August
650
_x
Nursing.
999
_c
316893
_d
316893